000 00758nas a2200241 4500
001 BR8006716
003 BR-BrBNA
005 20231205084430.0
007 ta
008 230509b bl.|||p| |||| 00| 00por d
040 _aBR-BrBNA
_bpor
_cBiblioteca Nacional de Agricultura
041 _a(Pt)
072 _aS10
100 1 _aCasado, P.
100 1 _aBlanco, C.
245 1 _aEstudo de um novo processo analitico para a determinacao em serie da densidade do leite
650 _aLEITE
650 _aDENSIDADE
650 _aANALISE DE ALIMENTO
773 0 _tRevista do Instituto de Laticinios Candido Tostes (Brazil)
_xISSN 0100-3674
_g(May-Jun 1980), v. 35(209) p. 19-31
_wBR8006716
909 _a202311
_bLúcia
_c55
_dLúcia Elande
942 _2AGRIS
_n0
_cANA
999 _c105193
_d105193